Sports Quiz

Random Sports or Europe Quiz

European Football Chapmionships Quiz Stats

 Plays Quiz not verified by Sporcle

Support Sporcle.
Go Orange.
Score 0/70 Timer 10:00
0 Plays Today
Year Country % Correct
2004 (Host)Portugal
86.7%
2004 (Winner)Greece
86.7%
2004 (Runner-up)Portugal
86.7%
2008 (Winner)Spain
86.7%
2008 (Co-host)Austria
83.3%
2008 (Co-host)Switzerland
83.3%
2008 (Runner-up)Germany
83.3%
1960 (Winner)Soviet Union
80%
1996 (Winner)Germany
80%
2000 (Winner)France
80%
2000 (Runner-up)Italy
80%
2012 (Co-host)Ukraine
80%
1992 (Winner)Denmark
76.7%
1996 (Host)England
76.7%
2008 (Lost in semis)Russia
76.7%
2012 (Co-host)Poland
76.7%
1988 (Winner)Netherlands
73.3%
2000 (Co-host)Belgium
73.3%
2000 (Co-host)Netherlands
73.3%
1984 (Winner)France
70%
1992 (Runner-up)Germany
70%
1996 (Lost in semis)France
70%
1960 (Host)France
66.7%
1976 (Winner)Czechoslovakia
66.7%
1992 (Host)Sweden
66.7%
1996 (Runner-up)Czech Republic
66.7%
1996 (Lost in semis)England
66.7%
2008 (Lost in semis)Turkey
66.7%
1964 (Host)Spain
63.3%
1964 (Winner)Spain
63.3%
1980 (Winner)West Germany
63.3%
1984 (Host)France
63.3%
1988 (Host)West Germany
63.3%
2000 (Lost in semis)Netherlands
63.3%
1972 (Winner)West Germany
60%
Year Country % Correct
1976 (Runner-up)West Germany
60%
1984 (Runner-up)Spain
60%
1992 (Lost in semis)Netherlands
60%
2004 (Lost in semis)Czech Republic
60%
2004 (Lost in semis)Netherlands
60%
1960 (Runner-up)Yugoslavia
56.7%
1968 (Winner)Italy
56.7%
1988 (Lost in semis)West Germany
56.7%
2000 (Lost in semis)Portugal
56.7%
2016 (Host)France
56.7%
1960 (3rd Place)Czechoslovakia
53.3%
1960 (4th Place)France
50%
1964 (Runner-up)Soviet Union
50%
1968 (Host)Italy
50%
1980 (Host)Italy
50%
1988 (Runner-up)Soviet Union
50%
1992 (Lost in semis)Sweden
50%
1968 (Runner-up)Yugoslavia
43.3%
1976 (Host)Yugoslavia
43.3%
1980 (Runner-up)Belgium
43.3%
1988 (Lost in semis)Italy
43.3%
1968 (3rd Place)England
40%
1980 (4th Place)Italy
40%
1984 (Lost in semis)Portugal
40%
1964 (3rd Place)Hungary
36.7%
1976 (3rd Place)Netherlands
36.7%
1972 (Runner-up)Soviet Union
33.3%
1980 (3rd Place)Czechoslovakia
33.3%
1984 (Lost in semis)Denmark
33.3%
1968 (4th Place)Soviet Union
30%
1972 (Host)Belgium
30%
1976 (4th Place)Yugoslavia
30%
1972 (3rd Place)Belgium
23.3%
1972 (4th Place)Hungary
23.3%
1964 (4th Place)Denmark
20%

You're not logged in!

Compare scores with friends on all Sporcle quizzes.
OR
Log In

From the Vault

P-P-P-Pokéface!

by lt2009

Lady Gaga might make a fearsome pokémon in her own right.
Remove Ads.
Support Sporcle.
Get the best of Sporcle when you Go Orange. This ad-free experience offers more features, more stats, and more fun while also helping to support Sporcle. Thank you for becoming a member.

Show Comments

Extras

Top Quizzes Today


Score Distribution

Your Account Isn't Verified!

In order to create a playlist on Sporcle, you need to verify the email address you used during registration. Go to your Sporcle Settings to finish the process.

Report this User

Report this user for behavior that violates our Community Guidelines.

Details: